Statistics for Cities with Art Temples

Click here to take the quiz!

General Stats

  • This quiz has been taken 15 times
    (7 since last reset)
  • The average score is 13 of 17

Answer Stats

Answer% Correct
Berlin
100%
New York
100%
Paris
100%
Vienna
100%
Chicago
83%
Florence
83%
London
83%
Rome
83%
Washington
83%
Bilbao
67%
Madrid
67%
Moscow
67%
Stockholm
67%
Abu Dhabi
50%
Los Angeles
50%
Tokyo
50%
Cologne
17%

Score Distribution

Percentile by Number Answered

Percent of People with Each Score

Your Score History

You have not taken this quiz since the last reset